Clubes Campeões do Mundial - Statistics

Estatísticas Gerais
  • Esse quiz foi jogado 336 vezes
  • A pontuação média é 31 de 54
Estatísticas das Respostas
Time % Correto
Real Madrid
97%
Barcelona
95%
Liverpool
93%
Corinthians
92%
Chelsea
91%
Flamengo
91%
Santos
89%
Bayern de Munique
88%
Palmeiras
88%
São Paulo
88%
Grêmio
86%
Internacional
86%
AC Milan
84%
Manchester United
84%
Internazionale
81%
Boca Juniors
80%
River Plate
80%
Vasco da Gama
74%
Porto
72%
Juventus
68%
Peñarol
66%
Cruzeiro
63%
Borussia Dortmund
62%
Benfica
61%
Independiente
58%
Estudiantes de La Plata
57%
Ajax
56%
Atlético de Madrid
56%
Tigres UANL
55%
Nacional
50%
Olimpia
45%
Racing
45%
San Lorenzo
45%
Once Caldas
42%
Estrela Vermelha
41%
Hamburgo
41%
LDU Quito
41%
Atlético Nacional
38%
Nottingham Forest
38%
Raja Casablanca
38%
TP Mazembe
38%
Aston Villa
36%
Vélez Sarsfield
35%
PSV Eindhoven
32%
Colo-Colo
31%
Celtic
30%
Argentinos Juniors
26%
Steaua Bucureşti
26%
Feyenoord
25%
Kashima Antlers
25%
Al Ain
22%
Malmö FF
14%
Borussia Mönchengladbach
10%
Panathinaikos
8%
Nenhum quiz correspondente encontrado
Distribuição das Pontuações
Porcentagem de Pessoas com Cada Pontuação
Percentil de Números Respondidos
Sua Pontuação Histórica
Você não jogou esse quiz